000 00605nam a22002297a 4500
001 14363
003 BD-JhCC
005 20250716102027.0
008 250716b |||||||| |||| 00| 0 eng d
020 _a9780141398228
035 _a(BD-JhCC) 14363
040 _aBD-JhCC
_dBD-JhCC
041 _aeng
082 _223
_a821.92
_bWHI
100 _aWhitman,Walt
245 _aOn the Beach at Night Alone /
_cWalt Whitman
260 _aIndia:
_bPenguin Books,
_c2015
300 _a55p.;
_c16 cm.
_ePaper binding
490 _aPenguin Little Black Classics,
_v10
650 _aEnglish Song
942 _2ddc
_cBK
999 _c14363
_d14363